| 000 | 00508nam a2200181Ia 4500 | ||
|---|---|---|---|
| 003 | GCL | ||
| 008 | 140319s9999 xx 000 0 ara d | ||
| 040 |
_aGCL / _cGCL |
||
| 082 | 0 | 4 |
_a133.5 _bس ق |
| 100 | 1 | _aسوفنير بوك هاوس | |
| 245 | 1 | 0 |
_aقراءة الطالع0 احجار النرد / _cسوفنير بوك هاوس |
| 260 |
_a[S.N] : _bسوفنير بوك هاوس |
||
| 300 | _a198 ص | ||
| 490 | _a | ||
| 650 | 0 | 4 | _aالتنجيم |
| 650 | 0 | 4 | _aقراءة الكف |
| 942 |
_2ddc _cBK |
||
| 999 |
_c43472 _d43472 |
||